000 00741nam a22002057a 4500
003 DO-SdBNP
005 20220531084023.0
007 ta
008 211006b2021 dr ad||| |||| 00| 0 spa d
020 _a9789945927887
040 _aDO-SdBNP
_bspa
_cBNPHU
100 1 _aMesa-Lago, Carmelo
_930930
245 1 0 _aEvaluación de cuatro décadas de privatización de pensiones en América Latina (1980-2020) :
_bpromesas y realidades /
_cCarmelo Mesa-Lago.
260 _aSanto Domingo :
_bFundación Friedrich Ebert (República Dominicana)
_c2021.
300 _a152 p. :
_bil., gráf. ;
_c25 cm.
500 _aIncluye datos biográficos del autor en la página 7
590 _aInventariado, 2021 /LP
910 _aLopérez
942 _2ddc
_cLBS1
999 _c50715
_d50715